| 000 | 00952na a2200289 4500 | ||
|---|---|---|---|
| 001 | 16658 | ||
| 003 | MIRAKIL | ||
| 005 | 20181213154948.0 | ||
| 008 | 161013b tu 000 0 | ||
| 020 | _a9759568667 | ||
| 040 |
_aMilas _btur _cTR-AnCHP |
||
| 041 | _atur | ||
| 082 |
_a809.935 _bS23a 2007 |
||
| 090 | _a809.935 S23a 2007 | ||
| 100 | _aSağlam, Feyyaz | ||
| 245 |
_aAdıma Mostar diyeler... _b(Türk Dünyası Edebiyatı'nda Bosna) _cFeyyaz Sağlam, Ayşe Karadan |
||
| 246 | _aTürk Dünyası Edebiyatı'nda Bosna | ||
| 260 |
_aİzmir _bKıbatek yayınları _c2007 |
||
| 300 |
_axiv, 170 s. _c19 sm. |
||
| 440 |
_aKıbatek Yayınları _v12 |
||
| 500 | _aYapıt yazarından imzalıdır. | ||
| 504 | _aKaynakça var. | ||
| 650 |
_aTürk Dünyası edebiyatı _xAraştırma ve inceleme |
||
| 650 |
_aBosna dramı, Edebiyatta _xAraştırma ve inceleme |
||
| 651 |
_aBalkanlar, Edebiyatta _xAraştırma ve inceleme |
||
| 942 |
_2dcc _cBKS |
||
| 999 |
_c3945 _d3945 |
||